| 000 | 00420nam a2200181Ia 4500 | ||
|---|---|---|---|
| 001 | 23930 | ||
| 005 | 20260414151010.0 | ||
| 008 | 260414t2011||||xx |||||||||||||| ||spa|| | ||
| 041 | _aESP | ||
| 082 |
_a727 _bR85 |
||
| 100 |
_aRoth, Manuela _eAUT |
||
| 245 | 0 |
_aLibrary Architecture + Design _b |
|
| 260 | _c2011 | ||
| 300 |
_a301 páginas : _c24 cm. |
||
| 650 | _aABD | ||
| 654 | _aCAU | ||
| 942 |
_cLIB _dJUS _fJUS _2ddc _n |
||
| 999 |
_c23930 _d23930 |
||